|
|
|
|
| LEADER |
00000nab a2200000 a 4500 |
| 001 |
vtls011117301 |
| 003 |
SK-MaSNL |
| 005 |
20260303113922.0 |
| 008 |
230121|2010 xo |||||||||||||||||cze| |
| 015 |
|
|
|a SNBRB
|
| 035 |
|
|
|a (uuid)14760f28-5d40-4439-bca9-7ba23154f2b7
|
| 035 |
|
|
|a (urnnbn)urn:nbn:sk:snk:ar-a08lk7
|
| 035 |
|
|
|a urn:nbn:sk:snk-ab9noz
|
| 040 |
|
|
|a SNKBUCL
|b slo
|c SNKBUCL
|e AACR2
|
| 041 |
0 |
|
|a cze
|
| 044 |
|
|
|a xo
|c SK
|
| 100 |
1 |
|
|a Horehleďová, Šárka
|4 aut
|9 1127886
|
| 245 |
1 |
0 |
|a RIZIKO JAKO PRVEK INTEGRUJÍCÍ SYSTÉM MANAGEMENTU KVALITY, BOZP A EMS
|c Šárka Horehleďová
|
| 773 |
0 |
|
|t Kvalita : odborný časopis Slovenskej spoločnosti pre kvalitu
|g Roč. 18, č. 1 (2010), s. 40-47
|
| 954 |
|
|
|a odborná, vedecká literatúra cudzojazyčná (svetová)
|2 lita
|
| 958 |
|
|
|a OND
|
| 958 |
|
|
|a EUIPO
|
| 958 |
|
|
|a article13
|
| 999 |
|
|
|c 1895900
|d 1897830
|